000
00318nam a2200133Ia 4500
008
190216s9999||||xx |||||||||||||| ||und||
100
_a
George N Halm
245
0
_a
Economic Systems
250
_a
6th Ed.
260
_b
Oxford And Ibh Publishing Co. Pvt Ltd
_c
1978
300
_a
418
650
_a
Economics
942
_c
BK
999
_c
9383
_d
9383